Geography Quiz

Random Geography or State Quiz

Russian Subdivisions Quiz Stats

Quiz not verified by Sporcle

Also try: Algeria's Borders
Challenge
Share
Tweet
Embed
Score 0/83 Timer 10:00
0 Plays Today
Status Federal Subject % Correct
OblastMoscow
95.7%
Federal CityMoscow
95.7%
Federal CitySaint Petersburg
87.1%
RepublicChechnya
77.1%
RepublicDagestan
75.7%
RepublicSakha
61.4%
Autonomous OblastJewish
61.4%
RepublicKarelia
60%
KraiPerm
58.6%
RepublicTatarstan
57.1%
OblastRostov
57.1%
OblastVolgograd
57.1%
OblastMurmansk
52.9%
OblastOmsk
52.9%
RepublicAltai
51.4%
KraiAltai
51.4%
KraiKamchatka
51.4%
OblastIrkutsk
51.4%
OblastKaliningrad
50%
RepublicIngushetia
47.1%
OblastSamara
47.1%
KraiKrasnodar
45.7%
OblastNovgorod
45.7%
OblastNovosibirsk
45.7%
RepublicTuva
44.3%
OblastAstrakhan
44.3%
KraiKrasnoyarsk
42.9%
OblastLeningrad
42.9%
Status Federal Subject % Correct
OblastSmolensk
42.9%
RepublicBuryatia
41.4%
OblastBryansk
41.4%
OblastNizhny Novgorod
41.4%
OblastTomsk
41.4%
RepublicKabardino-Balkaria
40%
RepublicBashkortostan
38.6%
RepublicKalmykia
38.6%
RepublicKomi
38.6%
OblastArkhangelsk
38.6%
OblastMagadan
38.6%
OblastSakhalin
38.6%
RepublicMari El
37.1%
KraiStavropol
37.1%
KraiKhabarovsk
35.7%
RepublicKhakassia
34.3%
KraiPrimorsky
34.3%
Autonomous OkrugChukotka
32.9%
RepublicAdygea
31.4%
RepublicMordovia
31.4%
OblastAmur
31.4%
OblastKursk
31.4%
OblastPskov
31.4%
OblastTver
31.4%
OblastVoronezh
31.4%
RepublicNorth Ossetia-Alania
30%
OblastSaratov
30%
RepublicKarachay-Cherkessia
28.6%
Status Federal Subject % Correct
OblastVladimir
28.6%
OblastVologda
28.6%
OblastYaroslavl
28.6%
OblastChelyabinsk
27.1%
OblastOrenburg
27.1%
OblastRyazan
27.1%
RepublicChuvashia
25.7%
OblastTyumen
25.7%
OblastTula
24.3%
OblastUlyanovsk
24.3%
OblastKemerovo
22.9%
OblastIvanovo
21.4%
OblastLipetsk
21.4%
OblastOryol
21.4%
OblastSverdlovsk
21.4%
OblastBelgorod
20%
OblastKaluga
18.6%
KraiZabaykalsky
17.1%
OblastKurgan
17.1%
OblastTambov
17.1%
OblastKostroma
14.3%
OblastPenza
14.3%
Autonomous OkrugNenetsia
14.3%
Autonomous OkrugYamalia
11.4%
OblastKirob
7.1%
Autonomous OkrugKhantia-Mansia
7.1%
RepublicUdmurita
2.9%

You're not logged in!

Compare scores with friends on all Sporcle quizzes.
Sign Up with Email
OR
Log In

You Might Also Like...

Show Comments

Extras

Top Quizzes Today


Score Distribution

Your Account Isn't Verified!

In order to create a playlist on Sporcle, you need to verify the email address you used during registration. Go to your Sporcle Settings to finish the process.